00506nam a2200181 a 45000010010000000030011000100080041000210350026000620820014000881000018001022450023001202600032001436500012001759420012001879520090001999980020002899990015003090000-9287ELIB.Books110520 1967  a(ELIB.Books)0000-9439 aFic bMor aMorgan, Helen aWhat Price Glory ? bLondon: Patmos Press c1967 aFiction 2ddccBK 00102ddc4070aKBTSbKBTSd2011-05-20l0p2637r2022-01-22 00:00:00w2022-01-22yBK cbate2011-05-20 c9287d9287